| 000 | 00891nam a2200229 a 4500 | ||
|---|---|---|---|
| 001 | 000024049 | ||
| 005 | 20200930022656.0 | ||
| 008 | 110118s1968 ag 000 0 spa d | ||
| 040 |
_aDO-SdBNP _bspa _cBNPHU |
||
| 041 | 1 | 7 |
_aspa _2eng |
| 082 |
_axxx _bxxxx |
||
| 100 | 1 |
_aJencks, Christopher. _949416 |
|
| 240 | 1 | 4 |
_aThe academic revolution. _lEspañol |
| 245 | 1 | 3 |
_aLa revolución académica / _cChristopher Jencks y David Riesman ; traducción Roberto Juan Walton. |
| 260 |
_aBuenos Aires : _bBiblioteca de psicología Social y Sociología _bPaidós, _c1968. |
||
| 300 | _c23 cm. | ||
| 490 | 1 |
_aBiblioteca de Psicología Social y sociología. _v47 |
|
| 500 | _aIncluye referencias bibliográficas y notas al pie de las páginas. | ||
| 700 | 1 |
_aRiesman, David. _949417 |
|
| 700 | 1 |
_aWalton, Roberto Juan, _etr. _949418 |
|
| 830 | 0 |
_aBiblioteca de Psicología Social y sociología _v47 _949419 |
|
| 999 |
_c23544 _d23544 |
||